000 00659nam a2200193Ia 4500
008 090124s9999 xx 000 0 und d
082 _b5874
100 _aआपटे हरि नारायण
245 _a अजिंक्य़तारा
250 _a0
260 _bहिन्दुस्तान साहित्य़
_c1970
300 _a109
600 _aआपटे हरि नारायण
630 _a अजिंक्य़तारा
700 _aआपटे हरि नारायण
700 _aगावडे प्र. ल.
730 _a अजिंक्य़तारा
942 _cBOOK
999 _c84096
_d84096